000 00419nam a22001457a 4500
020 _a9788126513352
082 _222
_a621.3678
100 _aLillesand, Thomas M. [et al.]
245 _aRemote sensing and image interpretation /
250 _a5 th.
260 _aNew Delhi,
_bJohn Wiley and Sons /
_cc2009.
300 _axiv,763 p. ;
_bill. ;
_c24 cm.
700 _aRalph H. and Chipman, Jonathan, W.
942 _2ddc
_cCIVIL
999 _c1359
_d1359